T´oqo Kachi : (Record no. 22230)

000 -CABECERA
fixed length control field 01182nam a22002537a 4500
003 - IDENTIFICADOR DEL NÚMERO DE CONTROL
control field AR-CdUCM
008 - DATOS DE LONGITUD FIJA--INFORMACIÓN GENERAL
fixed length control field 190425b ||||| |||| 00| 0 spa d
040 ## - FUENTE DE LA CATALOGACIÓN
Agencia/entidad que catalogó originalmente la obra MUNICIPALIDAD PROVINCIAL DEL CUSCO
Entidad que transcribió la catalogación BIBLIOTECA MUNICIPAL DEL CUSCO
082 ## - NÚMERO DE LA CLASIFICACIÓN DECIMAL DEWEY
No. de Clasificación Toqokachi/N°1/2006
245 ## - MENCIÓN DE TÍTULO
Título T´oqo Kachi :
Resto del título revista cultural e informativa /
Mención de responsabilidad Junta vecinal de San Blas
260 ## - PUBLICACIÓN, DISTRIBUCIÓN, ETC.
Lugar de publicación, distribución, etc. Cusco.
Nombre de la editorial, distribuidor, etc. Aguilar impresiones,
Fecha de publicación, distribución, etc. 2006.
300 ## - DESCRIPCIÓN FÍSICA
Nº de Páginas Extensión 26 páginas. :
Otros detalles físicos ilustraciones ;
Dimensiones 21 cm.
440 ## - MENCIÓN DE SERIE/PUNTO DE ACCESO ADICIONAL--TÍTULO
Título T´oqo Kachi.
Número de la parte/sección de una obra N°1, junio 2006.
9 (RLIN) 47692
505 ## - NOTA DE CONTENIDO CON FORMATO
Nota de contenido formateada Contenido: Taller de información del Plan Maestro. -- La transitoriedad de lo intangible. -- El Museo de Arte Popular. -- Biblioteca en San Blas. -- Junta Vecinal de Barrio de Santa Ana. -- Primer Cabildo abierto del Barrio de San Blas. -- La gente de San Blas. -- Informe económico de los vecinos de San Blas.
650 ## - PUNTO DE ACCESO ADICIONAL DE MATERIA--TÉRMINO DE MATERIA
Descriptor Barrios del Cusco
9 (RLIN) 46995
650 ## - PUNTO DE ACCESO ADICIONAL DE MATERIA--TÉRMINO DE MATERIA
Descriptor San Blas
9 (RLIN) 47693
650 ## - PUNTO DE ACCESO ADICIONAL DE MATERIA--TÉRMINO DE MATERIA
Descriptor Juntas vecinales
9 (RLIN) 47694
650 ## - PUNTO DE ACCESO ADICIONAL DE MATERIA--TÉRMINO DE MATERIA
Descriptor Centro Histórico de Cusco
9 (RLIN) 47695
700 ## - PUNTO DE ACCESO ADICIONAL--NOMBRE DE PERSONA
Nombre Personal Cárdenas Flores, Juan
9 (RLIN) 47696
700 ## - PUNTO DE ACCESO ADICIONAL--NOMBRE DE PERSONA
Nombre Personal Gibaja Gonzales, Manuel
9 (RLIN) 47697
710 ## - PUNTO DE ACCESO ADICIONAL--NOMBRE DE ENTIDAD CORPORATIVA
Nombre corporativo (En letras Mayúsculas) Junta Vecinal de San Blas
9 (RLIN) 47698
942 ## - ELEMENTOS DE PUNTO DE ACCESO ADICIONAL (KOHA)
Fuente de clasificación
Tipo de item Revistas cusqueñas
945 ## - PROCESAMIENTO DE INFORMACIÓN LOCAL (OCLC)
Catalogador rac
Holdings
Estado de retiro (separado) Fuente de clasificación o esquema de estanterías Estado dañado Ubicación Sala donde se ubica Nombre de la colección Fecha de adquisición o compra Costo, precio normal en soles Signatura topográfica Código de Barras Última vez visto (Koha) Tipo de ítem (Koha)
No     Sala Hemeroteca Sala Hemeroteca Book Cart 2022-03-29 5.00 Toqokachi/N°1/2006 REVC000888 2022-03-29 Revistas cusqueñas

Powered by Koha